00558nam a2200157 a 450000100100000000500170001000800410002702000150006804000250008310000290010824500670013726000450020430000280024995201060027799900170038300003552720200930074416.0111103s2004 dr 000 0 spa d a8423404749 aDO-SdBNPbspacBNPHU aKörlín, Erick961416 3aEl estudio de la rentabilidad comercial / :bErick Körlín. aEspaña, :bEdiciones Deusto,c[199-?]. a213 p. :bil. ;c24 cm. 00107-18PDaGRbGRcOId2011-11-03iLF1l0o p35527-10r2020-06-25w2020-06-25yLFPDZNo se presta c35018d35018